Statistics for WCW Champions by Year - 2000

Click here to take the quiz!

General Stats

  • This quiz has been taken 75 times
    (72 since last reset)
  • The average score is 60 of 93

Answer Stats

TitleDateEventWrestler% Correct
Tag TeamDecember 17StarrcadeDiamond Dallas Page
100%
Tag TeamNovember 26MayhemDiamond Dallas Page
100%
World HeavyweightApril 24NitroDiamond Dallas Page
100%
World HeavyweightMay 23ThunderKevin Nash
100%
World HeavyweightJanuary 26ThunderKevin Nash
100%
Tag TeamNovember 26MayhemKevin Nash
100%
Tag TeamDecember 17StarrcadeKevin Nash
100%
World HeavyweightAugust 28NitroKevin Nash
100%
World HeavyweightOctober 2NitroBooker T
98%
World HeavyweightSeptember 17Fall BrawlBooker T
98%
World HeavyweightJuly 9Bash at the BeachBooker T
98%
World HeavyweightNovember 26MayhemScott Steiner
95%
United StatesApril 16Spring StampedeScott Steiner
95%
World HeavyweightMay 29NitroJeff Jarrett
93%
World HeavyweightMay 22NitroJeff Jarrett
93%
World HeavyweightMay 7SlamboreeJeff Jarrett
93%
United StatesJanuary 17NitroJeff Jarrett
93%
World HeavyweightApril 16Spring StampedeJeff Jarrett
93%
World HeavyweightMay 29NitroRic Flair
91%
World HeavyweightMay 15NitroRic Flair
91%
World HeavyweightApril 26ThunderDavid Arquette
89%
Tag TeamJanuary 3NitroDavid Flair
89%
Tag TeamAugust 14NitroRey Misterio Jr.
89%
World HeavyweightJanuary 16Souled OutChris Benoit
86%
World HeavyweightJanuary 24NitroSid Vicious
86%
World HeavyweightJanuary 26ThunderSid Vicious
86%
World HeavyweightSeptember 25NitroVince Russo
86%
CruiserweightDecember 6ThunderChavo Guerrero Jr.
80%
CruiserweightJune 7ThunderLieutenant Loco
80%
CruiserweightMarch 30House showBilly Kidman
77%
Tag TeamOctober 9ThunderLieutenant Loco
77%
HardcoreAugust 14NitroNorman Smiley
68%
Tag TeamOctober 9ThunderSean O'Haire
68%
Tag TeamSeptember 25NitroSean O'Haire
68%
Tag TeamApril 16Spring StampedeBuff Bagwell
66%
Tag TeamMay 30ThunderChuck Palumbo
66%
Tag TeamNovember 20NitroChuck Palumbo
66%
HardcoreNovember 8ThunderCrowbar
66%
Tag TeamJanuary 3NitroCrowbar
66%
HardcoreMay 23ThunderTerry Funk
66%
HardcoreApril 16Spring StampedeTerry Funk
66%
United StatesSeptember 22House showTerry Funk
66%
HardcoreDecember 17StarrcadeTerry Funk
66%
Tag TeamDecember 4NitroChuck Palumbo
64%
CruiserweightMay 15NitroCrowbar & Daffney
64%
Tag TeamAugust 14NitroJuventud Guerrera
64%
HardcoreFebruary 28Nitro3 Count
61%
Tag TeamMay 15NitroBriam Adams
61%
Tag TeamMay 15NitroBryan Clark
61%
United StatesOctober 29Halloween HavocGeneral Rection
61%
United StatesNovember 26MayhemGeneral Rection
61%
CruiserweightJuly 31NitroLance Storm
61%
United StatesSeptember 23House showLance Storm
61%
United StatesNovember 10NitroLance Storm
61%
United StatesJuly 18NitroLance Storm
61%
HardcoreJuly 24NitroLance Storm
61%
Tag TeamApril 16Spring StampedeShane Douglas
59%
HardcoreMay 22NitroShane Douglas
59%
Tag TeamOctober 9ThunderMark Jindrak
57%
Tag TeamSeptember 25NitroMark Jindrak
57%
Tag TeamNovember 20NitroShawn Stasiak
57%
Tag TeamMay 30ThunderShawn Stasiak
57%
HardcoreJanuary 12ThunderBrian Knobbs
55%
HardcoreFebruary 20SuperBrawlBrian Knobbs
55%
HardcoreMarch 19UncensoredBrian Knobbs
55%
Tag TeamDecember 4NitroShawn Stasiak
55%
TelevisionFebruary 19Saturday NightHacksaw Jim Duggan
52%
HardcoreFebruary 7NitroBam Bam Bigelow
48%
Tag TeamAugust 13New Blood RisingVampiro
48%
Tag TeamNovember 16Millennium FinalDisco Inferno
43%
Tag TeamAugust 13New Blood RisingThe Great Muta
43%
CruiserweightApril 16Spring StampedeChris Candido
41%
Tag TeamOctober 9ThunderCorporal Cajun
41%
HardcoreJune 5NitroEric Bischoff
41%
Tag TeamJanuary 18ThunderBig Vito
39%
Tag TeamFebruary 13House showBig Vito
39%
CruiserweightMarch 31House showThe Artist
39%
CruiserweightFebruary 20SuperBrawlThe Artist
39%
HardcoreJune 6ThunderThe Mamalukes
39%
HardcoreJune 19NitroBig Vito
36%
Tag TeamJanuary 18ThunderJohnny the Bull
36%
Tag TeamFebruary 13House showJohnny the Bull
36%
CruiserweightAugust 14NitroElix Skipper
34%
CruiserweightJanuary 16Souled OutOklahoma
34%
CruiserweightMay 22NitroDaffney
32%
Tag TeamFebruary 12House showDon Harris
32%
Tag TeamMarch 19UncensoredDon Harris
32%
CruiserweightOctober 2NitroMike Sanders
32%
Tag TeamFebruary 12House showRon Harris
32%
Tag TeamMarch 19UncensoredRon Harris
32%
Tag TeamNovember 16Millennium FinalAlex Wright
30%
HardcoreOctober 2NitroReno
25%
HardcoreAugust 14NitroCarl Ouellet
14%

Score Distribution

Percentile by Number Answered

Percent of People with Each Score

Your Score History

You have not taken this quiz since the last reset